Informe que rinde el c. jefe del Departamento del Distrito Federal de la obra realizada durante el año 1934 / (Registro nro. 136483)

Detalles MARC
000 -LEADER
campo de control de longitud fija 00611nam a2200181 i 4500
001 - NÚMERO DE CONTROL
campo de control 136483
003 - IDENTIFICADOR DE NÚMERO DE CONTROL
campo de control ES-MaACL
005 - FECHA Y HORA DE LA ÚLTIMA TRANSACCIÓN
campo de control 20230906195139.0
007 - CAMPO FIJO DE DESCRIPCIÓN FÍSICA--INFORMACIÓN GENERAL
campo de control de longitud fija t|
008 - DATOS DE LONGITUD FIJA--INFORMACIÓN GENERAL
campo de control de longitud fija 070214s1935 mx |||| | spa d
100 1# - ENTRADA PRINCIPAL--NOMBRE DE PERSONA
Nombre de persona Sáenz, Aaron.
9 (RLIN) 199741
245 10 - MENCIÓN DEL TÍTULO
Título Informe que rinde el c. jefe del Departamento del Distrito Federal de la obra realizada durante el año 1934 /
Mención de responsabilidad, etc. Aaron Sènz.
260 ## - PUBLICACIÓN, DISTRIBUCIÓN, ETC.
Lugar de publicación, distribución, etc. México :
Nombre del editor, distribuidor, etc. [s.n.],
Fecha de publicación, distribución, etc. 1935 (
Fabricante Tall. del Departamento Federal)
300 ## - DESCRIPCIÓN FÍSICA
Extensión 262 p. :
Otras características físicas il. ;
Dimensiones 23 cm.
651 #4 - PUNTO DE ACCESO ADICIONAL DE MATERIA--NOMBRE GEOGRÁFICO
Nombre geográfico México-
Subdivisión general Política y gobierno.
9 (RLIN) 157848
852 ## - LOCALIZACIÓN
Ubicación ES-MaACL
Número de control de estantería A-3558
Existencias
Estatus retirado Estado de pérdida Estado de daño No para préstamo Biblioteca de origen Biblioteca actual Ubicación en estantería Fecha de adquisición Fuente de adquisición Total de préstamos Signatura topográfica completa Código de barras Visto por última vez Precio de reemplazo Tipo de ítem Koha
        Biblioteca del Ateneo de Madrid Biblioteca del Ateneo de Madrid Sala Pecera Planta 1 17/01/2008     A-3558 1142042 23/02/2023 23/02/2023 Libro impreso